000 00569nam a2200229Ia 4500
003 OSt
005 20220918175847.0
006 a|||||r|||| 00| 0
007 ta
008 220917b |||||||| |||| 00| 0 eng d
024 _a19,301
037 _cTextual
040 _aARTS
_cARTS
_beng
041 _2eng
_aeng
082 _aO:1K08:9, J52
100 _aWest Robert H.
_955045
245 0 _aMilton and the angels
260 _c1955
650 _aENGLISH LITERATURE
942 _hO:1K08:9, J52
_cTEXL
_2CC
999 _c159272
_d159272